<?xml version="1.0" encoding="UTF-8"?>
<collection xmlns="http://www.loc.gov/MARC21/slim">
 <record>
  <leader>01491nam a2200253 a 4500</leader>
  <controlfield tag="001">1/49283</controlfield>
  <controlfield tag="008">200309s2004    gr       b    00110 gre  </controlfield>
  <datafield tag="020" ind1=" " ind2=" ">
   <subfield code="a">9603437409</subfield>
  </datafield>
  <datafield tag="035" ind1=" " ind2=" ">
   <subfield code="l">52284</subfield>
  </datafield>
  <datafield tag="040" ind1=" " ind2=" ">
   <subfield code="a">GR-PeUP</subfield>
  </datafield>
  <datafield tag="082" ind1="0" ind2="0">
   <subfield code="a">720.9496 ΓΑΒ</subfield>
  </datafield>
  <datafield tag="100" ind1="1" ind2=" ">
   <subfield code="a">Γαβρά, Ελένη Γ.</subfield>
  </datafield>
  <datafield tag="245" ind1="1" ind2="0">
   <subfield code="a">Πολιτισμικό απόθεμα και αρχιτεκτονική κληρονομιά στα Βαλκάνια :</subfield>
   <subfield code="b">διαχείριση στο πλαίσιο της ευρωπαϊκής ολοκλήρωσης /</subfield>
   <subfield code="c">Ελένη Γ. Γαβρά.</subfield>
  </datafield>
  <datafield tag="260" ind1="0" ind2=" ">
   <subfield code="a">Θεσσαλονίκη :</subfield>
   <subfield code="b">Αφοί Κυριακίδη,</subfield>
   <subfield code="c">c2004.</subfield>
  </datafield>
  <datafield tag="300" ind1=" " ind2=" ">
   <subfield code="a">152 σ. :</subfield>
   <subfield code="b">έγχρ. εικ. ;</subfield>
   <subfield code="c">29 εκ.</subfield>
  </datafield>
  <datafield tag="504" ind1=" " ind2=" ">
   <subfield code="a">Περιλαμβάνει βιβλιογραφικές παραπομπές (σ. [143]-146) και ευρετήριο.</subfield>
  </datafield>
  <datafield tag="650" ind1=" " ind2="4">
   <subfield code="a">Αρχιτεκτονική</subfield>
   <subfield code="z">Βαλκανική χερσόνησος.</subfield>
  </datafield>
  <datafield tag="650" ind1=" " ind2="4">
   <subfield code="a">Πολεοδομικός σχεδιασμός</subfield>
   <subfield code="z">Βαλκανική χερσόνησος.</subfield>
  </datafield>
  <datafield tag="650" ind1=" " ind2="4">
   <subfield code="a">Πολεοδομία</subfield>
   <subfield code="z">Βαλκανική Χερσόνησος.</subfield>
  </datafield>
  <datafield tag="650" ind1=" " ind2="4">
   <subfield code="a">Architecture</subfield>
   <subfield code="z">Balkan Peninsula.</subfield>
  </datafield>
  <datafield tag="650" ind1=" " ind2="4">
   <subfield code="a">City planning</subfield>
   <subfield code="z">Balkan Peninsula.</subfield>
  </datafield>
  <datafield tag="852" ind1=" " ind2=" ">
   <subfield code="a">INST</subfield>
   <subfield code="b">UNIPILB</subfield>
   <subfield code="c">MAIN</subfield>
   <subfield code="e">20200309</subfield>
   <subfield code="h">720.9496 ΓΑΒ</subfield>
   <subfield code="p">00182531</subfield>
   <subfield code="q">00182531</subfield>
   <subfield code="t">LOAN</subfield>
   <subfield code="y">0</subfield>
   <subfield code="4">1</subfield>
  </datafield>
  <datafield tag="852" ind1=" " ind2=" ">
   <subfield code="a">INST</subfield>
   <subfield code="b">UNIPILB</subfield>
   <subfield code="c">MAIN</subfield>
   <subfield code="e">20200309</subfield>
   <subfield code="h">720.9496 ΓΑΒ</subfield>
   <subfield code="p">00182532</subfield>
   <subfield code="q">00182532</subfield>
   <subfield code="t">LOAN</subfield>
   <subfield code="y">0</subfield>
   <subfield code="4">2</subfield>
  </datafield>
  <datafield tag="852" ind1=" " ind2=" ">
   <subfield code="a">INST</subfield>
   <subfield code="b">UNIPILB</subfield>
   <subfield code="c">MAIN</subfield>
   <subfield code="e">20200309</subfield>
   <subfield code="h">720.9496 ΓΑΒ</subfield>
   <subfield code="p">00182533</subfield>
   <subfield code="q">00182533</subfield>
   <subfield code="t">LOAN</subfield>
   <subfield code="y">0</subfield>
   <subfield code="4">3</subfield>
  </datafield>
 </record>
</collection>
